By the shores of Silver lake / (Record no. 8010)
[ view plain ]
| 000 -LEADER | |
|---|---|
| fixed length control field | 00801cam a2200265u 4500 |
| 001 - CONTROL NUMBER | |
| control field | 7376301 |
| 003 - CONTROL NUMBER IDENTIFIER | |
| control field | OSt |
| 005 - DATE AND TIME OF LATEST TRANSACTION | |
| control field | 20140310182001.0 |
| 008 - FIXED-LENGTH DATA ELEMENTS--GENERAL INFORMATION | |
| fixed length control field | 810806s1939 xx af j 000 0 eng |
| 010 ## - LIBRARY OF CONGRESS CONTROL NUMBER | |
| LC control number | 39027949 |
| 020 ## - INTERNATIONAL STANDARD BOOK NUMBER | |
| International Standard Book Number | 0064400050 |
| 040 ## - CATALOGING SOURCE | |
| Original cataloging agency | DLC |
| Transcribing agency | CarP |
| Modifying agency | DLC |
| 050 00 - LIBRARY OF CONGRESS CALL NUMBER | |
| Classification number | PZ 7 |
| Item number | .W673 1967 |
| 082 ## - DEWEY DECIMAL CLASSIFICATION NUMBER | |
| Classification number | KF |
| Item number | W64b 1967 |
| 100 1# - MAIN ENTRY--PERSONAL NAME | |
| Personal name | Wilder, Laura (Ingalls) |
| Dates associated with a name | 1867- 1957. |
| 9 (RLIN) | 5177 |
| 245 10 - TITLE STATEMENT | |
| Title | By the shores of Silver lake / |
| Remainder of title | Laura Ingalls Wilder. |
| 260 ## - PUBLICATION, DISTRIBUTION, ETC. (IMPRINT) | |
| Place of publication, distribution, etc | New York and London, |
| Name of publisher, distributor, etc | Harper & brothers, |
| Date of publication, distribution, etc | 1939. |
| 300 ## - PHYSICAL DESCRIPTION | |
| Extent | 290 p .; |
| Other physical details | ill. ; |
| Dimensions | 20 cm. |
| 541 ## - IMMEDIATE SOURCE OF ACQUISITION NOTE | |
| -- | 1 |
| 562 ## - COPY AND VERSION IDENTIFICATION NOTE | |
| Number of copies | For circulation. 1 copy available in the collection |
| 650 ## - SUBJECT ADDED ENTRY--TOPICAL TERM | |
| Topical term or geographic name as entry element | Fiction |
| 9 (RLIN) | 746 |
| 700 ## - ADDED ENTRY--PERSONAL NAME | |
| Personal name | Wilder, Laura |
| 9 (RLIN) | 5178 |
| 906 ## - LOCAL DATA ELEMENT F, LDF (RLIN) | |
| a | 0 |
| b | cbc |
| c | premunv |
| d | u |
| e | ncip |
| f | 19 |
| g | y-gencatlg |
| 942 ## - ADDED ENTRY ELEMENTS (KOHA) | |
| Source of classification or shelving scheme | Library of Congress Classification |
| Koha item type | |
| Call number prefix | |
| Withdrawn status | Lost status | Source of classification or shelving scheme | Damaged status | Home library | Current library | Shelving location | Date acquired | Total Checkouts | Full call number | Barcode | Date last seen | Copy number | Price effective from | Koha item type |
|---|---|---|---|---|---|---|---|---|---|---|---|---|---|---|
| Library of Congress Classification | Luxembourg Library | Luxembourg Library | Kids Fiction Section | 07/29/2013 | PZ 7 .W673 1967 | 3899 | 08/13/2013 | 1 | 07/29/2013 | Books |